[Event "Gaprindashvili Cup Women III Stage 2020"]
[Site "Online"]
[Date "2020.11.12"]
[Round "1.2"]
[White "Nikoladze, Sopio"]
[Black "Arabidze, Meri"]
[Result "0-1"]
[WhiteElo "2132"]
[BlackElo "2437"]
[Annotator "broadcasts"]
[PlyCount "40"]
[EventDate "2020.11.04"]
[EventType "k.o."]
[TimeControl "1500+5"]

1. d4 {[%emt 0:00:30]} d5 {[%emt 0:00:05]} 2. Nf3 {[%emt 0:00:27]} Nf6 {[%emt 0:00:04]} 3. e3 {[%emt 0:00:43]} c5 {[%emt 0:00:14]} 4. b3 {[%emt 0:00:03]} e6 {[%emt 0:00:11]} 5. Bb2 {[%emt 0:00:05]} Nc6 {[%emt 0:00:07]} 6. Nbd2 {[%emt 0:00:06]} Bd6 {[%emt 0:00:09]} 7. a3 {[%emt 0:00:04]} O-O {[%emt 0:00:12]} 8. Bd3 {[%emt 0:00:03]} b6 {[%emt 0:00:09]} 9. Ne5 {[%emt 0:00:06]} Bb7 {[%emt 0:00:25]} 10. f4 {[%emt 0:00:02]} Ne7 {[%emt 0:00:18]} 11. Qf3 {[%emt 0:00:24]} Nf5 {[%emt 0:01:50]} 12. g4 {[%emt 0:00:33]} Nh4 {[%emt 0:00:08]} 13. Qh3 {[%emt 0:00:46]} Ne4 {[%emt 0:00:03]} 14. g5 {[%emt 0:01:39]} Nf5 {[%emt 0:00:27]} 15. Ng4 {[%emt 0:00:57]} cxd4 {[%emt 0:01:51]} 16. Nf3 {[%emt 0:01:12]} Nxe3 {[%emt 0:03:12]} 17. g6 {[%emt 0:00:22]} fxg6 {[%emt 0:01:39]} 18. Nxe3 {[%emt 0:00:19]} dxe3 {[%emt 0:00:16]} 19. Bxe4 {[%emt 0:00:06]} dxe4 {[%emt 0:00:10]} 20. Ng5 {[%emt 0:00:15]} Bb4+ {[%emt 0:00:28]} 0-1

[Event "Gaprindashvili Cup Women III Stage 2020"]
[Site "Online"]
[Date "2020.11.12"]
[Round "1.2"]
[White "Khazhomia, Salome"]
[Black "Khotenashvili, Bela"]
[Result "0-1"]
[WhiteElo "2092"]
[BlackElo "2463"]
[Annotator "TA"]
[PlyCount "62"]
[EventDate "2020.11.04"]
[EventType "k.o."]

{[%evp 9,62,-34,8,-35,-42,-39,-37,-61,-56,-84,-98,-87,-81,-92,-79,-81,-71,-87,-88,-156,-156,-162,-152,-183,-161,-158,-162,-173,-133,-172,-103,-171,-93,-295,-294,-305,-246,-252,-230,-251,-251,-242,-254,-370,-273,-389,-363,-581,-584,-1174,-1161,-29975,-5419,-29992,-29993]} 1. d4 Nf6 2. Nf3 g6 3. Nbd2 Bg7 4. e3 c5 5. c4 O-O 6. Be2 {A48: 1 d4 Nf6 2 Nf3 g6: Torre, London and Colle Systems.} cxd4 7. Nxd4 {[#]} d5 $146 ({Predecessor:} 7... Nc6 8. N2f3 d6 9. O-O a6 10. b3 e5 11. Nxc6 bxc6 12. Ba3 Ne8 13. Rc1 Ra7 {0-1 (62) Luiten,R-Dijkhuis,S (1781) Sneek 2013}) 8. N2f3 {Black is slightly better.} dxc4 9. Bxc4 {[#]} e5 $1 {[%mdl 512]} 10. Nb5 {Hoping for Qxd8.} (10. Nxe5 Qa5+) 10... Qxd1+ 11. Kxd1 {White wants to play Nc7.} Nc6 12. Ke2 a6 13. Nc3 e4 14. Ng5 (14. Nd4 $142) 14... Bf5 $17 15. f3 Na5 16. Bd5 {[%cal Rg5e4]} Nxd5 17. Nxd5 exf3+ 18. gxf3 Rae8 19. h4 Nc4 ({Better is} 19... f6 $19 20. Nh3 Nc6) 20. e4 (20. b3 $17 {might work better.}) 20... Bd7 (20... Nxb2 21. Rb1 $11) ({Black should play} 20... f6 $19 21. Nc7 fxg5 22. Nxe8 Rxe8 23. hxg5 Bd7) 21. h5 $2 (21. b3 $17 {was forced.}) 21... h6 $19 (21... Nxb2 22. Bxb2 Bxb2 23. Rab1 $11) 22. Nh3 {and if Bxh6! works, White does fine.} g5 (22... gxh5 23. Nhf4 $16) (22... Nxb2 23. Bxb2 Bxb2 24. Rab1 $15) 23. Nxg5 hxg5 24. h6 {[#]} Be5 $1 {...f5 is the strong threat.} ({Avoid the trap} 24... Bxb2 $2 25. Bxb2 Nxb2 26. Nf6+ Kh8 27. Nxd7 $18) 25. Bxg5 f6 ({Not} 25... Bxb2 {[#]} 26. Bf6 $1 $16 {[%mdl 512]}) ({Worse is} 25... Nxb2 26. Nf6+ Bxf6 27. Bxf6 $11) 26. Bh4 (26. Bf4 $142) 26... Bc6 {White must now prevent ...Bxd5.} 27. Rag1+ (27. Nb4 $142) 27... Kh8 28. f4 $2 (28. Nb4 Bb5 29. b3 Nd6+ 30. Kd1) 28... Bxb2 {[%mdl 64] Discovered Attack} 29. e5 Bxd5 30. Bxf6+ Rxf6 31. Kd3 Rxf4 {White did not feel at home in the position after the opening.  Weighted Error Value: White=1.17/Black=0.17} 0-1

[Event "Gaprindashvili Cup Women III Stage 2020"]
[Site "Online"]
[Date "2020.11.12"]
[Round "1.3"]
[White "Arabidze, Meri"]
[Black "Nikoladze, Sopio"]
[Result "1-0"]
[WhiteElo "2437"]
[BlackElo "2132"]
[Annotator "broadcasts"]
[PlyCount "67"]
[EventDate "2020.11.04"]
[EventType "k.o."]
[TimeControl "1500+5"]

1. Nf3 {[%emt 0:00:00]} Nf6 {[%emt 0:00:08]} 2. c4 {[%emt 0:00:06]} e6 {[%emt 0:00:05]} 3. Nc3 {[%emt 0:00:05]} b6 {[%emt 0:00:14]} 4. e4 {[%emt 0:00:06]} d6 {[%emt 0:00:02]} 5. d4 {[%emt 0:00:27]} Bb7 {[%emt 0:00:03]} 6. d5 {[%emt 0:00:06]} e5 {[%emt 0:00:12]} 7. Bd3 {[%emt 0:00:06]} g6 {[%emt 0:00:03]} 8. O-O {[%emt 0:00:08]} Bg7 {[%emt 0:00:02]} 9. Rb1 {[%emt 0:00:53]} a5 {[%emt 0:00:36]} 10. a3 {[%emt 0:00:03]} O-O {[%emt 0:00:18]} 11. b4 {[%emt 0:00:04]} axb4 {[%emt 0:00:05]} 12. axb4 {[%emt 0:00:02]} Nbd7 {[%emt 0:00:03]} 13. Re1 {[%emt 0:00:47]} Nh5 {[%emt 0:00:35]} 14. Bf1 {[%emt 0:00:07]} h6 {[%emt 0:00:29]} 15. g3 {[%emt 0:00:49]} f5 {[%emt 0:00:57]} 16. Nh4 {[%emt 0:01:55]} Nf4 {[%emt 0:02:17]} 17. Qc2 {[%emt 0:00:39]} fxe4 {[%emt 0:02:20]} 18. Qxe4 {[%emt 0:03:22]} Qf6 {[%emt 0:02:32]} 19. Nf3 {[%emt 0:03:03]} Nh5 {[%emt 0:02:30]} 20. Bg2 {[%emt 0:00:12]} Qf5 {[%emt 0:02:12]} 21. Qxf5 {[%emt 0:02:49]} gxf5 {[%emt 0:00:05]} 22. Nb5 {[%emt 0:00:01]} Rac8 {[%emt 0:00:50]} 23. Nh4 {[%emt 0:00:08]} Ba6 {[%emt 0:00:38]} 24. Bh3 {[%emt 0:00:19]} Bxb5 {[%emt 0:00:24]} 25. cxb5 {[%emt 0:00:03]} Ra8 {[%emt 0:02:49]} 26. Nxf5 {[%emt 0:00:09]} Ndf6 {[%emt 0:00:46]} 27. Nxh6+ {[%emt 0:00:53]} Kh7 {[%emt 0:00:07]} 28. Bf5+ {[%emt 0:00:16]} Kh8 {[%emt 0:00:02]} 29. Be6 {[%emt 0:00:13]} Nf4 {[%emt 0:01:39]} 30. gxf4 {[%emt 0:00:57]} Bxh6 {[%emt 0:00:08]} 31. fxe5 {[%emt 0:00:03]} Bxc1 {[%emt 0:00:02]} 32. Rbxc1 {[%emt 0:00:27]} dxe5 {[%emt 0:00:13]} 33. Rxc7 {[%emt 0:00:06]} e4 {[%emt 0:00:25]} 34. Re3 {[%emt 0:00:52]} 1-0

[Event "Gaprindashvili Cup Women III Stage 2020"]
[Site "Online"]
[Date "2020.11.12"]
[Round "1.3"]
[White "Khurtsilava, Inga"]
[Black "Tsatsalashvili, Keti"]
[Result "0-1"]
[WhiteElo "2260"]
[BlackElo "2331"]
[Annotator "broadcasts"]
[PlyCount "74"]
[EventDate "2020.11.04"]
[EventType "k.o."]
[TimeControl "1500+5"]

1. d4 {[%emt 0:20:02]} Nf6 {[%emt 0:20:05]} 2. Nf3 {[%emt 0:00:04]} e6 {[%emt 0:00:05]} 3. e3 {[%emt 0:00:04]} d5 {[%emt 0:00:04]} 4. Bd3 {[%emt 0:00:04]} c5 {[%emt 0:00:03]} 5. b3 {[%emt 0:00:04]} b6 {[%emt 0:00:04]} 6. O-O {[%emt 0:00:05]} Bb7 {[%emt 0:00:08]} 7. Bb2 {[%emt 0:00:04]} Nc6 {[%emt 0:00:09]} 8. Nbd2 {[%emt 0:00:05]} Be7 {[%emt 0:00:06]} 9. a3 {[%emt 0:00:06]} O-O {[%emt 0:00:05]} 10. Ne5 {[%emt 0:00:04]} Ne8 {[%emt 0:00:05]} 11. Qe2 {[%emt 0:00:09]} a5 {[%emt 0:00:21]} 12. Nxc6 {[%emt 0:00:18]} Bxc6 {[%emt 0:00:05]} 13. dxc5 {[%emt 0:00:04]} bxc5 {[%emt 0:00:44]} 14. e4 {[%emt 0:00:05]} Rb8 {[%emt 0:01:08]} 15. e5 {[%emt 0:00:19]} c4 {[%emt 0:00:05]} 16. Nxc4 {[%emt 0:00:56]} dxc4 {[%emt 0:00:07]} 17. Bxc4 {[%emt 0:00:04]} Qc7 {[%emt 0:00:23]} 18. a4 {[%emt 0:00:19]} Qb7 {[%emt 0:00:06]} 19. Qg4 {[%emt 0:00:08]} Bc5 {[%emt 0:00:14]} 20. Bd3 {[%emt 0:00:07]} g6 {[%emt 0:00:05]} 21. h4 {[%emt 0:00:07]} Ng7 {[%emt 0:00:05]} 22. Rae1 {[%emt 0:00:14]} Rfd8 {[%emt 0:00:06]} 23. Kh2 {[%emt 0:00:10]} Rd7 {[%emt 0:00:09]} 24. Bc1 {[%emt 0:00:09]} Bd4 {[%emt 0:00:35]} 25. Bh6 {[%emt 0:00:11]} Qc7 {[%emt 0:00:20]} 26. f4 {[%emt 0:00:10]} Nf5 {[%emt 0:00:07]} 27. Bg5 {[%emt 0:01:13]} h5 {[%emt 0:00:21]} 28. Qh3 {[%emt 0:00:29]} Bc5 {[%emt 0:00:47]} 29. Bf6 {[%emt 0:00:11]} Be7 {[%emt 0:00:08]} 30. g4 {[%emt 0:00:31]} hxg4 {[%emt 0:00:11]} 31. Qxg4 {[%emt 0:00:05]} Qd8 {[%emt 0:00:14]} 32. Qg5 {[%emt 0:00:10]} Bxf6 {[%emt 0:00:09]} 33. exf6 {[%emt 0:00:05]} Qf8 {[%emt 0:00:04]} 34. Bxf5 {[%emt 0:00:42]} exf5 {[%emt 0:00:05]} 35. Rf2 {[%emt 0:00:12]} Rbd8 {[%emt 0:00:07]} 36. h5 {[%emt 0:00:06]} Rd2 {[%emt 0:00:13]} 37. Ref1 {[%emt 0:00:05]} Qc5 {[%emt 0:00:06]} 0-1

[Event "Gaprindashvili Cup Women III Stage 2020"]
[Site "Online"]
[Date "2020.11.12"]
[Round "1.4"]
[White "Tsatsalashvili, Keti"]
[Black "Khurtsilava, Inga"]
[Result "0-1"]
[WhiteElo "2331"]
[BlackElo "2260"]
[Annotator "broadcasts"]
[PlyCount "98"]
[EventDate "2020.11.04"]
[EventType "k.o."]
[TimeControl "1500+5"]

1. d4 {[%emt 0:20:02]} d5 {[%emt 0:20:04]} 2. Nf3 {[%emt 0:00:05]} Nf6 {[%emt 0:00:05]} 3. c4 {[%emt 0:00:05]} e6 {[%emt 0:00:04]} 4. g3 {[%emt 0:00:16]} c6 {[%emt 0:00:04]} 5. Bg2 {[%emt 0:00:08]} Be7 {[%emt 0:00:07]} 6. O-O {[%emt 0:00:06]} O-O {[%emt 0:00:05]} 7. Qc2 {[%emt 0:00:08]} Ne4 {[%emt 0:00:07]} 8. Nbd2 {[%emt 0:00:13]} f5 {[%emt 0:00:04]} 9. Ne5 {[%emt 0:00:11]} Nd7 {[%emt 0:00:05]} 10. Nxd7 {[%emt 0:00:17]} Bxd7 {[%emt 0:00:04]} 11. f3 {[%emt 0:00:20]} Nxd2 {[%emt 0:00:29]} 12. Bxd2 {[%emt 0:00:04]} Be8 {[%emt 0:00:04]} 13. Bf4 {[%emt 0:00:21]} Bg6 {[%emt 0:00:05]} 14. cxd5 {[%emt 0:00:15]} Qxd5 {[%emt 0:00:27]} 15. Rfd1 {[%emt 0:00:08]} h6 {[%emt 0:00:17]} 16. Qb3 {[%emt 0:00:35]} Qd7 {[%emt 0:00:06]} 17. Be5 {[%emt 0:00:08]} Kh7 {[%emt 0:00:07]} 18. Rac1 {[%emt 0:00:06]} Bh5 {[%emt 0:00:10]} 19. Rd2 {[%emt 0:00:17]} Bg5 {[%emt 0:00:07]} 20. f4 {[%emt 0:00:06]} Bd8 {[%emt 0:00:11]} 21. e3 {[%emt 0:00:32]} Bb6 {[%emt 0:00:07]} 22. Qc3 {[%emt 0:00:13]} Rg8 {[%emt 0:00:11]} 23. a3 {[%emt 0:00:23]} g5 {[%emt 0:00:09]} 24. Qc2 {[%emt 0:00:17]} Bg6 {[%emt 0:00:22]} 25. Bf1 {[%emt 0:00:12]} Qe7 {[%emt 0:00:14]} 26. b4 {[%emt 0:00:07]} a6 {[%emt 0:00:09]} 27. Qb3 {[%emt 0:00:06]} gxf4 {[%emt 0:00:23]} 28. Bxf4 {[%emt 0:00:18]} Rad8 {[%emt 0:00:13]} 29. Bc4 {[%emt 0:00:09]} Bf7 {[%emt 0:00:09]} 30. Qd1 {[%emt 0:00:23]} h5 {[%emt 0:00:06]} 31. Qf1 {[%emt 0:00:05]} Bc7 {[%emt 0:00:16]} 32. Bxc7 {[%emt 0:00:20]} Qxc7 {[%emt 0:00:05]} 33. Qf4 {[%emt 0:00:04]} Qe7 {[%emt 0:00:06]} 34. Rg2 {[%emt 0:00:13]} Rg4 {[%emt 0:00:05]} 35. Qf2 {[%emt 0:00:06]} Rdg8 {[%emt 0:00:15]} 36. Be2 {[%emt 0:00:04]} R4g5 {[%emt 0:00:12]} 37. Bf3 {[%emt 0:00:05]} e5 {[%emt 0:00:13]} 38. dxe5 {[%emt 0:00:09]} Qxe5 {[%emt 0:00:06]} 39. Re1 {[%emt 0:00:04]} h4 {[%emt 0:00:17]} 40. e4 {[%emt 0:00:22]} h3 {[%emt 0:00:23]} 41. exf5 {[%emt 0:00:07]} Qc7 {[%emt 0:00:12]} 42. Be4 {[%emt 0:00:07]} hxg2 {[%emt 0:00:07]} 43. Qe3 {[%emt 0:00:12]} Qe5 {[%emt 0:00:14]} 44. Qd3 {[%emt 0:00:06]} Qf6 {[%emt 0:00:07]} 45. Kxg2 {[%emt 0:00:06]} Rd8 {[%emt 0:00:07]} 46. Qe3 {[%emt 0:00:05]} Kg7 {[%emt 0:00:09]} 47. Re2 {[%emt 0:00:03]} Rg4 {[%emt 0:00:05]} 48. Rf2 {[%emt 0:00:03]} Rxe4 {[%emt 0:00:08]} 49. Qxe4 {[%emt 0:00:04]} Bd5 {[%emt 0:00:05]} 0-1

[Event "Gaprindashvili Cup Women III Stage 2020"]
[Site "Online"]
[Date "2020.11.12"]
[Round "1.4"]
[White "Vakhania, Alexandra"]
[Black "Melia, Salome"]
[Result "0-1"]
[WhiteElo "2134"]
[BlackElo "2371"]
[Annotator "broadcasts"]
[PlyCount "76"]
[EventDate "2020.11.04"]
[EventType "k.o."]
[TimeControl "1500+5"]

1. f4 {[%emt 0:00:00]} c5 {[%emt 0:00:03]} 2. Nf3 {[%emt 0:00:04]} Nc6 {[%emt 0:00:04]} 3. e3 {[%emt 0:00:19]} g6 {[%emt 0:00:30]} 4. d4 {[%emt 0:00:04]} cxd4 {[%emt 0:00:47]} 5. exd4 {[%emt 0:00:07]} d5 {[%emt 0:00:04]} 6. c3 {[%emt 0:00:07]} Bg7 {[%emt 0:00:31]} 7. Bd3 {[%emt 0:00:05]} Nh6 {[%emt 0:00:55]} 8. O-O {[%emt 0:00:04]} O-O {[%emt 0:00:04]} 9. Be3 {[%emt 0:00:09]} Bf5 {[%emt 0:00:18]} 10. Bf2 {[%emt 0:00:59]} Qb6 {[%emt 0:01:39]} 11. Bxf5 {[%emt 0:00:04]} Nxf5 {[%emt 0:00:01]} 12. Qb3 {[%emt 0:00:14]} Qxb3 {[%emt 0:02:24]} 13. axb3 {[%emt 0:00:05]} Nd6 {[%emt 0:00:04]} 14. Nbd2 {[%emt 0:00:09]} f5 {[%emt 0:00:18]} 15. Ne5 {[%emt 0:01:01]} Rfc8 {[%emt 0:00:22]} 16. Bh4 {[%emt 0:00:43]} Bf8 {[%emt 0:00:29]} 17. b4 {[%emt 0:00:19]} Nxe5 {[%emt 0:02:01]} 18. fxe5 {[%emt 0:00:07]} Ne4 {[%emt 0:00:36]} 19. Nxe4 {[%emt 0:00:15]} fxe4 {[%emt 0:00:07]} 20. Ra5 {[%emt 0:00:24]} e6 {[%emt 0:00:09]} 21. Rfa1 {[%emt 0:00:05]} a6 {[%emt 0:01:51]} 22. b5 {[%emt 0:00:05]} Rab8 {[%emt 0:00:58]} 23. R1a2 {[%emt 0:01:23]} axb5 {[%emt 0:01:52]} 24. Rxb5 {[%emt 0:00:05]} Kf7 {[%emt 0:00:38]} 25. Ra1 {[%emt 0:01:21]} Be7 {[%emt 0:00:21]} 26. Rf1+ {[%emt 0:00:34]} Ke8 {[%emt 0:00:02]} 27. Bf6 {[%emt 0:00:11]} Kd7 {[%emt 0:00:45]} 28. Bg7 {[%emt 0:01:05]} Kc6 {[%emt 0:02:30]} 29. Ra5 {[%emt 0:01:03]} Ra8 {[%emt 0:00:03]} 30. Rxa8 {[%emt 0:00:36]} Rxa8 {[%emt 0:00:02]} 31. Rf7 {[%emt 0:00:02]} Bg5 {[%emt 0:00:25]} 32. Bf6 {[%emt 0:00:46]} Bc1 {[%emt 0:03:37]} 33. Re7 {[%emt 0:00:24]} Bxb2 {[%emt 0:00:02]} 34. Rxe6+ {[%emt 0:00:03]} Kb5 {[%emt 0:00:34]} 35. Re7 {[%emt 0:03:07]} Bxc3 {[%emt 0:00:07]} 36. e6 {[%emt 0:00:16]} e3 {[%emt 0:00:51]} 37. Kf1 {[%emt 0:03:03]} Ra2 {[%emt 0:00:18]} 38. Rxb7+ {[%emt 0:01:53]} Kc6 {[%emt 0:00:03]} 0-1

[Event "Gaprindashvili Cup Women III Stage 2020"]
[Site "Online"]
[Date "2020.11.12"]
[Round "1.5"]
[White "Khukhashvili, Sopiko"]
[Black "Tereladze, Sopiko"]
[Result "1-0"]
[WhiteElo "2334"]
[BlackElo "2141"]
[Annotator "broadcasts"]
[PlyCount "61"]
[EventDate "2020.11.04"]
[EventType "k.o."]
[TimeControl "1500+5"]

1. e4 {[%emt 0:00:00]} e5 {[%emt 0:00:04]} 2. d4 {[%emt 0:00:05]} exd4 {[%emt 0:00:08]} 3. Qxd4 {[%emt 0:00:04]} Nc6 {[%emt 0:00:03]} 4. Qe3 {[%emt 0:00:03]} Nf6 {[%emt 0:00:10]} 5. Nc3 {[%emt 0:00:03]} Bb4 {[%emt 0:04:09]} 6. Bd2 {[%emt 0:00:05]} O-O {[%emt 0:00:17]} 7. O-O-O {[%emt 0:00:04]} Re8 {[%emt 0:00:35]} 8. Qg3 {[%emt 0:00:04]} d6 {[%emt 0:04:36]} 9. f3 {[%emt 0:01:07]} Be6 {[%emt 0:03:58]} 10. h4 {[%emt 0:00:31]} Nh5 {[%emt 0:05:07]} 11. Qe1 {[%emt 0:00:53]} f5 {[%emt 0:00:11]} 12. Nh3 {[%emt 0:02:03]} fxe4 {[%emt 0:02:42]} 13. Ng5 {[%emt 0:00:35]} e3 {[%emt 0:00:48]} 14. Qxe3 {[%emt 0:00:18]} Bxa2 {[%emt 0:01:11]} 15. Qd3 {[%emt 0:00:11]} Nf6 {[%emt 0:01:10]} 16. Nxa2 {[%emt 0:00:11]} Bxd2+ {[%emt 0:00:31]} 17. Qxd2 {[%emt 0:00:08]} Ne5 {[%emt 0:00:24]} 18. Nc3 {[%emt 0:00:20]} h6 {[%emt 0:00:03]} 19. Nge4 {[%emt 0:00:05]} a6 {[%emt 0:00:05]} 20. Nxf6+ {[%emt 0:00:16]} Qxf6 {[%emt 0:00:03]} 21. Nd5 {[%emt 0:00:10]} Qf7 {[%emt 0:00:02]} 22. h5 {[%emt 0:00:10]} c6 {[%emt 0:00:03]} 23. Nf4 {[%emt 0:00:44]} Rad8 {[%emt 0:00:09]} 24. Bd3 {[%emt 0:00:15]} Qa2 {[%emt 0:00:03]} 25. Qc3 {[%emt 0:00:38]} b5 {[%emt 0:00:12]} 26. b3 {[%emt 0:01:29]} Qa3+ {[%emt 0:00:12]} 27. Kb1 {[%emt 0:00:11]} c5 {[%emt 0:00:03]} 28. Bg6 {[%emt 0:00:39]} Re7 {[%emt 0:00:09]} 29. Rhe1 {[%emt 0:00:07]} c4 {[%emt 0:00:04]} 30. Rxe5 {[%emt 0:01:36]} cxb3 {[%emt 0:00:04]} 31. Rxe7 {[%emt 0:00:08]} 1-0

[Event "Gaprindashvili Cup Women III Stage 2020"]
[Site "Online"]
[Date "2020.11.12"]
[Round "1.5"]
[White "Khurtsilava, Inga"]
[Black "Tsatsalashvili, Keti"]
[Result "0-1"]
[WhiteElo "2260"]
[BlackElo "2331"]
[Annotator "broadcasts"]
[PlyCount "82"]
[EventDate "2020.11.04"]
[EventType "k.o."]
[TimeControl "1500+5"]

1. d4 {[%emt 0:22:03]} Nf6 {[%emt 0:22:06]} 2. Nf3 {[%emt 0:00:05]} e6 {[%emt 0:00:05]} 3. e3 {[%emt 0:00:06]} d5 {[%emt 0:00:04]} 4. Bd3 {[%emt 0:00:05]} c5 {[%emt 0:00:05]} 5. b3 {[%emt 0:00:06]} b6 {[%emt 0:00:05]} 6. O-O {[%emt 0:00:05]} Bb7 {[%emt 0:00:06]} 7. Bb2 {[%emt 0:00:06]} Be7 {[%emt 0:00:06]} 8. Ne5 {[%emt 0:00:06]} O-O {[%emt 0:00:05]} 9. Nd2 {[%emt 0:00:06]} Nc6 {[%emt 0:00:07]} 10. a3 {[%emt 0:00:06]} a5 {[%emt 0:00:08]} 11. f4 {[%emt 0:00:10]} Ne8 {[%emt 0:00:28]} 12. f5 {[%emt 0:00:11]} Nxe5 {[%emt 0:00:15]} 13. dxe5 {[%emt 0:00:06]} exf5 {[%emt 0:00:05]} 14. Bxf5 {[%emt 0:00:10]} g6 {[%emt 0:00:08]} 15. Bh3 {[%emt 0:00:07]} Ng7 {[%emt 0:00:09]} 16. c4 {[%emt 0:00:18]} Bg5 {[%emt 0:00:21]} 17. Qe2 {[%emt 0:00:06]} Qe7 {[%emt 0:00:21]} 18. Nf3 {[%emt 0:00:07]} Bh6 {[%emt 0:00:05]} 19. Bc3 {[%emt 0:00:32]} a4 {[%emt 0:00:07]} 20. b4 {[%emt 0:00:08]} dxc4 {[%emt 0:00:05]} 21. Qxc4 {[%emt 0:00:09]} Bxe3+ {[%emt 0:00:15]} 22. Kh1 {[%emt 0:00:05]} Ne6 {[%emt 0:00:24]} 23. Rae1 {[%emt 0:00:11]} Bh6 {[%emt 0:00:09]} 24. b5 {[%emt 0:00:17]} Rfd8 {[%emt 0:00:11]} 25. Rd1 {[%emt 0:00:11]} Nf4 {[%emt 0:00:09]} 26. Bg4 {[%emt 0:00:13]} Bd5 {[%emt 0:00:11]} 27. Rxd5 {[%emt 0:00:14]} Nxd5 {[%emt 0:00:07]} 28. Bb2 {[%emt 0:00:06]} Ne3 {[%emt 0:00:06]} 29. Qc3 {[%emt 0:00:07]} Nxf1 {[%emt 0:00:10]} 30. e6 {[%emt 0:00:08]} f6 {[%emt 0:00:04]} 31. Ne5 {[%emt 0:00:26]} Bd2 {[%emt 0:00:16]} 32. Qf3 {[%emt 0:00:09]} fxe5 {[%emt 0:00:10]} 33. Qxf1 {[%emt 0:00:07]} Be3 {[%emt 0:00:13]} 34. Qe2 {[%emt 0:00:06]} Bd4 {[%emt 0:00:05]} 35. Bc1 {[%emt 0:00:06]} Qf6 {[%emt 0:00:08]} 36. Bf3 {[%emt 0:00:09]} Rab8 {[%emt 0:00:05]} 37. Qc4 {[%emt 0:00:08]} Kh8 {[%emt 0:00:05]} 38. h3 {[%emt 0:00:08]} Re8 {[%emt 0:00:09]} 39. Qd5 {[%emt 0:00:21]} Qxe6 {[%emt 0:00:06]} 40. Qe4 {[%emt 0:00:06]} Qf6 {[%emt 0:00:05]} 41. Bh6 {[%emt 0:00:07]} Rbd8 {[%emt 0:00:05]} 0-1

[Event "Gaprindashvili Cup Women III Stage 2020"]
[Site "Online"]
[Date "2020.11.12"]
[Round "1.6"]
[White "Tsatsalashvili, Keti"]
[Black "Khurtsilava, Inga"]
[Result "1-0"]
[WhiteElo "2331"]
[BlackElo "2260"]
[Annotator "broadcasts"]
[PlyCount "69"]
[EventDate "2020.11.04"]
[EventType "k.o."]
[TimeControl "1500+5"]

1. Nf3 {[%emt 0:22:03]} d5 {[%emt 0:22:07]} 2. d4 {[%emt 0:00:08]} c6 {[%emt 0:00:05]} 3. c4 {[%emt 0:00:10]} Nf6 {[%emt 0:00:06]} 4. Nbd2 {[%emt 0:00:04]} e6 {[%emt 0:00:13]} 5. e3 {[%emt 0:00:06]} Ne4 {[%emt 0:00:08]} 6. Bd3 {[%emt 0:00:16]} f5 {[%emt 0:00:06]} 7. O-O {[%emt 0:00:15]} Bd6 {[%emt 0:00:07]} 8. Ne5 {[%emt 0:00:09]} Bxe5 {[%emt 0:00:09]} 9. dxe5 {[%emt 0:00:06]} Nd7 {[%emt 0:00:08]} 10. f4 {[%emt 0:00:10]} Ndc5 {[%emt 0:00:08]} 11. Be2 {[%emt 0:00:05]} a5 {[%emt 0:00:09]} 12. cxd5 {[%emt 0:00:07]} cxd5 {[%emt 0:00:13]} 13. Nf3 {[%emt 0:00:19]} O-O {[%emt 0:00:09]} 14. Nd4 {[%emt 0:00:05]} Bd7 {[%emt 0:00:10]} 15. b3 {[%emt 0:00:16]} Rf7 {[%emt 0:00:16]} 16. Bf3 {[%emt 0:00:17]} g5 {[%emt 0:00:10]} 17. Ba3 {[%emt 0:00:10]} g4 {[%emt 0:00:15]} 18. Be2 {[%emt 0:00:11]} Rg7 {[%emt 0:00:16]} 19. Bxc5 {[%emt 0:00:08]} Nxc5 {[%emt 0:00:07]} 20. Rc1 {[%emt 0:00:05]} b6 {[%emt 0:00:09]} 21. Bb5 {[%emt 0:00:19]} Bxb5 {[%emt 0:00:10]} 22. Nxb5 {[%emt 0:00:05]} Qh4 {[%emt 0:00:13]} 23. Nd6 {[%emt 0:00:19]} Rg6 {[%emt 0:00:17]} 24. Qe2 {[%emt 0:00:07]} Rf8 {[%emt 0:00:22]} 25. Rc2 {[%emt 0:00:05]} Rh6 {[%emt 0:00:16]} 26. g3 {[%emt 0:00:09]} Qe7 {[%emt 0:00:06]} 27. Rfc1 {[%emt 0:00:07]} Rh3 {[%emt 0:00:07]} 28. Qb5 {[%emt 0:00:17]} Qa7 {[%emt 0:00:23]} 29. a3 {[%emt 0:00:21]} h5 {[%emt 0:00:09]} 30. b4 {[%emt 0:00:05]} axb4 {[%emt 0:00:07]} 31. axb4 {[%emt 0:00:04]} Qa3 {[%emt 0:00:09]} 32. Rc3 {[%emt 0:00:19]} Qb2 {[%emt 0:00:05]} 33. R1c2 {[%emt 0:00:09]} Qb1+ {[%emt 0:00:05]} 34. Rc1 {[%emt 0:00:05]} Qb2 {[%emt 0:00:08]} 35. R1c2 {[%emt 0:00:05]} 1-0